| 000 | 00500nam a2200193 a 4500 | ||
|---|---|---|---|
| 005 | 20241113063726.0 | ||
| 008 | 991125s1988 mx 000 0 spa u | ||
| 020 | _a9684440677 | ||
| 035 | _aUPN01000004544 | ||
| 049 | _aCG | ||
| 050 | 4 |
_aHQ817 _bG5.38 |
|
| 100 | 1 | _aGiusti, Edoardo | |
| 245 | 1 | 3 |
_aEl arte de separarse / _cEdoardo Giusti. |
| 260 |
_aMéxico : _bAlhambra, _c1988. |
||
| 300 | _axviii, 141 p. | ||
| 650 | 2 |
_aDivorcio _914831 |
|
| 650 | 2 |
_aSeparación conyugal _99119 |
|
| 905 | _aLibro | ||
| 999 |
_c4544 _d4544 |
||